Littérature par lettre - P - Statistiques

Statistiques générales
  • Ce quiz a été pris 210 fois
  • Le résultat moyen est 12 sur 20
Statistiques - réponses
Questions Réponses % Correct
Quel est le roman le plus célèbre d'Antoine de Saint-Exupéry ? Le Petit Prince
95%
Quel personnage inventé par Carlo Collodi a un nez qui s'allonge lorsqu'il ment ? Pinocchio
95%
Quel personnage de James Matthew Barrie symbolise l'insouciance, l'innocence et le refus de grandir ? Peter Pan
90%
Quel romancier français a écrit le cycle de "A la recherche du temps perdu" ? Marcel Proust
89%
Quel conte raconte l'histoire de 7 enfants abandonnés par leurs parents, mais réussissant à s'enfuir de la maison d'un ogre ? Le Petit Poucet
85%
Quel écrivain sudiste du XXème siècle a écrit "Jean de Florette" et "Manon des Sources" ? Marcel Pagnol
84%
Quel géant, éponyme du roman de François Rabelais, est le fils de Gargantua ? Pantagruel
81%
Quel roman de Jules Renard raconte l'enfance et les déboires d'un garçon roux mal-aimé ? Poil de carotte
77%
Quel écrivain et mathématicien Clermontois est l'auteur de la citation : "Le cœur a ses raisons que la raison ne connaît point" ? Blaise Pascal
72%
Quelle épouse de Thésée a été mise en scène par Jean Racine, à la fin du XVIIème siècle ? Phèdre
65%
Quel conte a été mis en musique par Sergueï Prokofiev et raconte l'histoire d'un petit garçon capturant un animal sauvage ? Pierre et le Loup
56%
Qui est l'auteur de ce conte, également chef de file des "Modernes" lors de la querelle ? Charles Perrault
55%
Quel écrivain français a écrit "La disparition", ouvrage dans lequel il n'y a pas la lettre "E" ? Georges Perec
55%
Quel roman de Gabriel Faye relate l'histoire de Gaby, un enfant en pleine guerre au Rwanda ? Petit Pays
52%
Quel roman de Jane Austen est connu sous le nom d'"Orgueil et Préjugés" en français ? Pride and Prejudice
52%
Quel homme d'église et romancier français a écrit "Manon Lescaut" ? Abbé Prévost
51%
Quel poète français du XXème siècle, auteur de "Paroles", est connu pour son langage familier et ses jeux de mots nombreux ? Jacques Prévert
40%
Quel écrivain français a écrit "Le Parti pris des choses", livre qui dépeint des objets banaux du quotidien, mais métaphorisés ? Francis Ponge
22%
Quel écrivain français est le premier à recevoir le Prix Nobel de Littérature, en 1901 ? Sully Prud'homme
11%
Quelle poétesse française propose une vision utopique d'une société au sein de laquelle les femmes sont respectées, et est de ce fait l'une des premières figures du féminisme ? Christine de Pizan
6%
Aucun quiz correspondant
Distribution des résultats
% des personnes avec chaque résultat
Percentile par nombre de réponses
Votre historique - résultats
Vous n’avez pas pris ce quiz